Thị trường lúa gạo và phó sản tại Việt Nam [ Việt Nam Cộng Hòa ]

Đã lưu trong:
書目詳細資料
主要作者: Nguyễn Quang Hiệp
格式: 圖書
語言:Undetermined
出版: Sài Gòn Học viện Quốc Gia Hành Chánh 1970
主題:
標簽: 添加標簽
沒有標簽, 成為第一個標記此記錄!
Thư viện lưu trữ: Trung tâm Học liệu Trường Đại học Cần Thơ
LEADER 00658nam a2200181Ia 4500
001 CTU_26435
008 210402s9999 xx 000 0 und d
082 |a 338.17 
082 |b H307 
100 |a Nguyễn Quang Hiệp 
245 0 |a Thị trường lúa gạo và phó sản tại Việt Nam [ Việt Nam Cộng Hòa ] 
245 0 |c Nguyễn Quang Hiệp 
260 |a Sài Gòn 
260 |b Học viện Quốc Gia Hành Chánh 
260 |c 1970 
650 |a agriculture - economic aspects,farm produce - marketing 
904 |i Nguyễn Quang Điền, 981013 
980 |a Trung tâm Học liệu Trường Đại học Cần Thơ